Dubliners

保存先:
書誌詳細
第一著者: Joyce, James Augustine (著者)
フォーマット: 図書
言語:英語
出版事項: Harmondsworth Penguin Books 1956
主題:
タグ: タグ追加
タグなし, このレコードへの初めてのタグを付けませんか!

MARC

LEADER 00000nam a2200000 a 4500
001 UCQ3838
003 CL-VaPUC
008 980828e19560000uk |||||||||||||||||eng|d
082 0 4 |a 823  |b JOY  |2 21 
100 |a Joyce, James Augustine  |e author  |9 498658 
245 1 0 |a Dubliners 
300 |a 219 p 
942 |c BK 
945 |d 19980828 00:00:00  |a crobeson 
260 |a Harmondsworth  |b Penguin Books  |c 1956 
650 0 |a Novelas irlandesas  |9 266298 
650 0 |a Literatura irlandesa  |9 349943 
583 |a last modification  |c 20171204 02:40:23  |k Rodrigo Vera 
999 |c 274351  |d 274349 
952 |0 0  |1 0  |4 0  |6 823_000000000000000_JOY_1956  |7 0  |8 A  |9 310503  |a BIBEDU  |b BIBEDU  |d 2019-11-20  |i 1458825  |l 1  |o 823 JOY 1956  |p 1458825  |r 2023-10-06  |s 2023-10-02  |w 2019-11-20  |y BK  |k LIT